00234 a2200121 4500001000700000020001800007040001100025100002200036240002100058245001600079300000800095362000900103175343 a85-345-0535-7 cMagnum aAzevedo, Eglom de10aGeografia 8lpor10aGeografia 8 a2060 a1998